RICS and global cost and commercial management of construction – Australia (Record no. 121921)

MARC details
000 -LEADER
fixed length control field 01672nam a22002657a 4500
008 - FIXED-LENGTH DATA ELEMENTS--GENERAL INFORMATION
fixed length control field 240426t2018 at |||||o|||| 00| 0 eng d
020 ## - INTERNATIONAL STANDARD BOOK NUMBER
ISBN 9781783213238
041 ## - LANGUAGE CODE
Language code of text/sound track or separate title eng
100 ## - MAIN ENTRY--PERSONAL NAME
Personal author Funge, James
110 ## - MAIN ENTRY--CORPORATE NAME
Corporate author Royal Institution of Chartered Surveyors
245 ## - TITLE STATEMENT
Title RICS and global cost and commercial management of construction – Australia
Subtitle RICS Guidance Note=
Medium [Electronic resource]
250 ## - EDITION
Edition statement 1st Edition
260 ## - PUBLICATION INFORMATION
Place of publication London,
Publisher Royal Institution of Chartered Surveyors,
Date September 2018
300 ## - PHYSICAL DESCRIPTION
Physical description 62p
490 ## - SERIES TITLE
Series statement RICS Black Book
490 ## - SERIES TITLE
Series statement RICS Guidance Note
520 ## - ABSTRACT
Abstract The role of a commercial manager and the functions performed play a critical part in the commercial and financial success of a construction project, or of any other business. This guidance note outlines the role of commercial management in construction, providing a framework of guidance covering the most common tasks that a commercial manager will perform on a construction project. This guidance note is effective from September 2018 (see separate UK one effective 2016). Included in this guidance note are:<br/><br/>a practical guide to contract administration for a cost/value reconciliation and forecast model<br/>a template risks and opportunities register.
650 ## - KEYWORDS
Keywords Commercial Management
650 ## - KEYWORDS
Keywords Construction
651 ## - SUBJECT ADDED ENTRY--GEOGRAPHIC NAME
Geographic name Australia
690 ## - BROAD SUBJECT
9 (RLIN) 6230
Broad subject Construction management
710 ## - ADDED CORPORATE NAME
Added corporate author Royal Institution of Chartered Surveyors
856 ## - ONLINE RESOURCE
Uniform Resource Identifier <a href="https://www.rics.org/profession-standards/rics-standards-and-guidance/sector-standards/construction-standards/black-book/commercial-management-of-construction">https://www.rics.org/profession-standards/rics-standards-and-guidance/sector-standards/construction-standards/black-book/commercial-management-of-construction</a>
Public note Available free on RICS.org
942 ## - ADDED ENTRY ELEMENTS (KOHA)
Suppress in OPAC Do not suppress in OPAC
Holdings
Lost status Damaged status Not for loan Current library Shelving location Date acquired Total Checkouts Full call number Date last seen Price effective from Koha item type
      Virtual Online 26/04/2024   ONLINE PUBLICATION 26/04/2024 26/04/2024 Online material